Normal view
MARC view
- Collins, James C.
Entry Personal Name
001 - CONTROL NUMBER
- control field: 42044
003 - CONTROL NUMBER IDENTIFIER
- control field: DLC
005 - DATE AND TIME OF LATEST TRANSACTION
- control field: 20190623112541.0
008 - FIXED-LENGTH DATA ELEMENTS
- fixed length control field: 911207n| azannaabn |b aaa
010 ## - LIBRARY OF CONGRESS CONTROL NUMBER
- LC control number: n 91123848
035 ## - SYSTEM CONTROL NUMBER
- System control number: (OCoLC)oca03077572
040 ## - CATALOGING SOURCE
- Original cataloging agency: DLC
- Language of cataloging: eng
- Description conventions: rda
- Transcribing agency: DLC
- Modifying agency: MoSpS-AV
- Modifying agency: CFCPL
- Modifying agency: DLC
- Modifying agency: OCoLC
- Modifying agency: ScU
100 1# - HEADING--PERSONAL NAME
- Personal name: Collins, James C.
- Fuller form of name: (James Charles),
- Dates associated with a name: 1958-
400 1# - SEE FROM TRACING--PERSONAL NAME
- Personal name: Collins, Jim,
- Dates associated with a name: 1958-
400 1# - SEE FROM TRACING--PERSONAL NAME
- Personal name: Kʻollinsŭ, Jim,
- Dates associated with a name: 1958-
500 1# - SEE ALSO FROM TRACING--PERSONAL NAME
- Personal name: Kʻollinsŭ, Jim,
- Dates associated with a name: 1958-
670 ## - SOURCE DATA FOUND
- Source citation: His Beyond entrepreneurship, c1992:
- Information found: CIP t.p. (James C. Collins) pref. (instructor at Stanford Graduate School of Business)
670 ## - SOURCE DATA FOUND
- Source citation: Organizational vision and visionary organizations [VR] c1992:
- Information found: opening credits (James Collins, lecturer in business, Stanford Graduate School of Business) container (Jim Collins)
670 ## - SOURCE DATA FOUND
- Source citation: Phone call to pub., 12-6-91
- Information found: (James Charles Collins; b. 1/25/58)
670 ## - SOURCE DATA FOUND
- Source citation: Sŏnggong hanŭn kiŏptŭl ŭi 8-kaji sŭpkwan, 2004:
- Information found: t.p. (Jim Kʻollinsŭ=짐 콜린스)
670 ## - SOURCE DATA FOUND
- Source citation: Publishers Weekly Website, Aug. 6, 2011:
- Information found: Harper Business Signs New Jim Collins Book p. July 7, 2011 (Harper Business has signed a new book by business guru, Jim Collins, Great By Choice which Collins is writing with Morten T. Hansen, will debut a decade after Collins' last book, Good to Great. The new deal will also see a number of Collins' backlist titles publish in e-book including: Good to Great, Built to Last, How the Mighty Fall, Good to Great and the Social Sectors)
670 ## - SOURCE DATA FOUND
- Source citation: Great by choice, c2011:
- Information found: eCIP t.p. (Jim Collins)
670 ## - SOURCE DATA FOUND
- Source citation: Wikipedia, January 30, 2019:
- Information found: (James C. "Jim" Collins (born 1958) is an American author and lecturer on the subject of company sustainability and growth; received a BS in Mathematical Sciences at Stanford University, and afterward obtained his MBA from Stanford Graduate School of Business followed by 18 months as a consultant with McKinsey & Company. He then worked as a product manager for Hewlett-Packard; began his research and teaching career on the faculty at Stanford University's Graduate School of Business; born January 25, 1958 ... Aurora, Colorado)